Loading...
| Science - Chemistry | 0 | 4 | 0 | 3 | 40 | 116 | 129.75 | 0 | 3 | 1.52 | 10.33 |
| Mythology | 1 | 2 | 1 | 2 | 30 | 21 | 104.67 | 1 | 2 | 12.80 | 22.38 |
| Fine Arts - Other | 0 | 3 | 0 | 3 | 30 | 140 | 149.67 | 0 | 0 | 0.22 | 4.89 |
| Other Academic | 1 | 1 | 0 | 1 | 25 | 55 | 98.50 | 0 | 1 | 6.17 | 9.67 |
| Social Science | 0 | 2 | 0 | 1 | 20 | 83 | 111.50 | 0 | 1 | 2.62 | 4.44 |
| Literature - Poetry | 0 | 2 | 0 | 0 | 20 | 96 | 100.50 | 1 | 2 | 7.93 | 12.33 |
| Science - Biology | 1 | 1 | 2 | 1 | 15 | 31 | 87.50 | 1 | 1 | 8.01 | 11.67 |
| Religion | 1 | 1 | 2 | 0 | 15 | 84 | 95.50 | 0 | 1 | 8.51 | 13.75 |
| History - World | 0 | 1 | 0 | 1 | 10 | 151 | 151.00 | 0 | 0 | 0.04 | 1.11 |
| Fine Arts - Classical Music | 0 | 1 | 0 | 0 | 10 | 154 | 154.00 | 0 | 0 | 0.06 | 3.33 |
| Literature - Drama | 0 | 1 | 0 | 0 | 10 | 105 | 105.00 | 0 | 1 | 4.19 | 7.50 |
| Science - Physics | 0 | 1 | 1 | 0 | 5 | 91 | 91.00 | 0 | 1 | 3.00 | 8.33 |
| Literature - Long Fiction | 0 | 1 | 2 | 1 | 0 | 150 | 150.00 | 0 | 0 | 0.11 | 2.78 |
| Science - Other | 0 | 0 | 0 | 0 | 0 | 0.00 | 0 | 0 | 0.00 | 0.00 | |
| History - Ancient | 0 | 0 | 0 | 0 | 0 | 0.00 | 0 | 0 | 0.00 | 0.00 | |
| Geography | 0 | 0 | 1 | 0 | -5 | 0.00 | 0 | 0 | 0.00 | 0.00 | |
| History - Other | 0 | 0 | 1 | 0 | -5 | 0.00 | 0 | 0 | 0.00 | 0.00 | |
| Short Fiction and Other | 0 | 0 | 3 | 0 | -15 | 0.00 | 0 | 0 | 0.00 | 0.00 |